| 000 | 00670na a2200229 4500 | ||
|---|---|---|---|
| 001 | 17484 | ||
| 003 | MIRAKIL | ||
| 005 | 20181213154926.0 | ||
| 008 | 161025b tu 000 0 | ||
| 020 | _a9786056166525 | ||
| 040 |
_aMilas _btur _cTR-AnCHP |
||
| 041 |
_atur _aeng |
||
| 082 |
_a770.9 Sağdıç,O. _bS23o 2012 |
||
| 090 | _a770.9 Sağdıç,O. S23o 2012 | ||
| 100 | _aSağdıç, Ozan | ||
| 245 |
_aOzan Sağdıç _cOzan Sağdıç |
||
| 260 |
_aİstanbul _bDr.Nejat Eczacıbaşı Vakfı yayınları _c2012 |
||
| 300 |
_a271 s. _bfotg. _c25 sm. |
||
| 490 |
_aFotoğraf Sanatçıları Dizisi _v3 |
||
| 600 |
_aSağdıç, Ozan _xFotoğraflar |
||
| 942 |
_2ddc _cBKS |
||
| 999 |
_c3287 _d3287 |
||